[Event "Niedersachsen-ch U12/14 Girls"]
[Site "Rotenburg"]
[Date "2008.03.20"]
[Round "6"]
[White "Steven, Johanna"]
[Black "Kolbach, Juliane"]
[Result "0-1"]
[WhiteElo "1025"]
[BlackElo "1121"]
[PlyCount "96"]
[EventDate "2008.03.15"]
[EventType "swiss"]
[EventRounds "7"]
[EventCountry "GER"]
[SourceTitle "EXT 2009"]
[Source "ChessBase"]
[SourceDate "2008.11.26"]
[SourceVersion "1"]
[SourceVersionDate "2008.11.26"]
[SourceQuality "1"]

1. e4 c5 2. Nf3 Nc6 3. Bc4 e6 4. c3 g6 5. d4 cxd4 6. cxd4 d5 7. Bb5 dxe4 8. Ne5 Bd7 9. Qa4 Nge7 10. Bg5 Qc7 11. 0-0 Nxe5 12. dxe5 Bxb5 13. Qxb5+ Qc6 14. Na3 a6 15. Qxc6+ Nxc6 16. Nc4 Bg7 17. Nd6+ Kf8 18. Nxb7 Bxe5 19. Rac1 Ne7 20. Rc2 f6 21. Bh6+ Kf7 22. Rd1 Nd5 23. b3 g5 24. h4 Kg6 25. hxg5 fxg5 26. Rc6 Kf5 27. Nd6+ Bxd6 28. Rxd6 Rhd8 29. Rxd8 Rxd8 30. Bg7 h5 31. Bb2 g4 32. Bc1 h4 33. Kh2 Rc8 34. Bd2 Rc2 35. a4 Rb2 36. b4 Nxb4 37. Bxb4 Rxb4 38. Ra1 Rb2 39. Kg1 g3 40. fxg3 hxg3 41. Rf1+ Ke5 42. a5 Kd4 43. Rf4 Kd3 44. Rf3+ exf3 45. gxf3 Ke3 46. Kf1 Kxf3 47. Ke1 g2 48. Kd1 g1R# 0-1

[Event "Niedersachsen-ch U12/14 Girls"]
[Site "Rotenburg/Wuemme"]
[Date "2007.04.01"]
[Round "3"]
[White "Schreiber, Justina"]
[Black "Steven, Johanna"]
[Result "1/2-1/2"]
[WhiteElo "963"]
[BlackElo "884"]
[PlyCount "83"]
[EventDate "2007.03.31"]
[EventType "swiss"]
[EventRounds "9"]
[EventCountry "GER"]
[SourceTitle "EXT 2008"]
[Source "ChessBase"]
[SourceDate "2007.11.25"]
[SourceVersion "1"]
[SourceVersionDate "2007.11.25"]
[SourceQuality "1"]

1. e4 e5 2. Nf3 Nc6 3. Bc4 Bc5 4. d3 Nf6 5. Nc3 d6 6. Bg5 Nd4 7. Nb5 Nxb5 8. Bxb5+ Bd7 9. Bxd7+ Qxd7 10. Nd2 Ng4 11. Bh4 f6 12. h3 Nh6 13. Nb3 f5 14. Qh5+ Kf8 15. exf5 Nxf5 16. Nxc5 dxc5 17. Qf3 Ke8 18. Qe4 Nxh4 19. Qxh4 Qd4 20. Qxd4 cxd4 21. 0-0 Kd7 22. f4 Kd6 23. fxe5+ Kxe5 24. Rae1+ Kd5 25. Rf5+ Kd6 26. Re4 c5 27. c3 dxc3 28. bxc3 Rhe8 29. Rxe8 Rxe8 30. Kf2 b6 31. Rf7 Re7 32. Rxe7 Kxe7 33. Ke3 Kd6 34. Ke4 a5 35. c4 g5 36. g3 Ke6 37. g4 h6 38. d4 cxd4 39. Kxd4 Kd6 40. a4 Kc6 41. Kd3 Kc5 42. Kc3 1/2-1/2